000 00285 a2200145 4500
001 168848
020 _a
040 _cMagnum
100 _aPisonero, Isidoro
240 1 0 _aPasacalle - v.1
_lESP
245 1 0 _aPasacalle - v.1
362 0 _a1899
697 _aESPANHOL
942 _cBK
999 _c168848
_d168848